[Event "corr FRA-71ch"]
[Site "?"]
[Date "2005.06.18"]
[Round "?"]
[White "Alozy, Francis"]
[Black "Barre, Jean Marie"]
[Result "0-1"]
[WhiteElo "2183"]
[BlackElo "2458"]
[PlyCount "76"]
[EventDate "2005.06.18"]
[EventType "corr"]
[EventCountry "FRA"]

1. e4 e5 2. Nf3 Nc6 3. d4 exd4 4. Bb5 Bb4+ 5. Nbd2 a6 6. Ba4 Nge7 7. O-O O-O 8.
a3 Bc5 9. Nb3 d6 10. Nbxd4 Nxd4 11. Nxd4 Ng6 12. c3 Qh4 13. Bc2 Re8 14. b4 Bb6
15. Be3 Ne5 16. Re1 Ng4 17. Nf3 Nxe3 18. Nxh4 Nxd1 19. Raxd1 a5 20. a4 g5 21.
Nf3 g4 22. Nd4 Re5 23. b5 Kf8 24. Re3 Bd7 25. f4 gxf3 26. gxf3 Ke7 27. f4 Rg8+
28. Kh1 Rh5 29. e5 d5 30. Red3 Rg4 31. Rf3 f6 32. exf6+ Kxf6 33. Rdf1 Rhh4 34.
R3f2 c6 35. bxc6 bxc6 36. Bd1 Rg8 37. Rb2 Bc5 38. Rbf2 Rb8 0-1

[Event "corr FRA-71ch"]
[Site "?"]
[Date "2005.06.18"]
[Round "?"]
[White "Alozy, Francis"]
[Black "Chastanet, Gerard"]
[Result "1/2-1/2"]
[WhiteElo "2183"]
[BlackElo "2290"]
[PlyCount "78"]
[EventDate "2005.06.18"]
[EventType "corr"]
[EventCountry "FRA"]

1. e4 c5 2. f4 g6 3. Nf3 Bg7 4. d3 Nc6 5. c3 d5 6. e5 h5 7. d4 cxd4 8. Nxd4 Nh6
9. Na3 O-O 10. Nac2 Nf5 11. Be2 Nfxd4 12. Nxd4 f6 13. exf6 Rxf6 14. Be3 Nxd4
15. Qxd4 Bf5 16. O-O e6 17. Qd2 Rf7 18. Rad1 b6 19. Bf3 Rc8 20. Bd4 Qc7 21.
Bxg7 Kxg7 22. Qd4+ Kg8 23. Qe3 Qc4 24. a3 Rcf8 25. Rd4 Qb5 26. Rf2 Qc5 27. Qe1
Rh7 28. h3 h4 29. Re2 Rf6 30. Re5 b5 31. Kh2 Kf8 32. Bg4 Qc6 33. Bxf5 gxf5 34.
Rd2 Rg6 35. Rde2 Rhh6 36. Kh1 Kf7 37. Qf2 Qb6 38. Qe1 Rg7 39. Qd2 a6 1/2-1/2

[Event "corr FRA-71ch"]
[Site "?"]
[Date "2005.06.18"]
[Round "?"]
[White "Alozy, Francis"]
[Black "Deneuville, Christian"]
[Result "0-1"]
[WhiteElo "2183"]
[BlackElo "2367"]
[PlyCount "44"]
[EventDate "2005.06.18"]
[EventType "corr"]
[EventCountry "FRA"]

1. e4 e6 2. d4 c5 3. d5 exd5 4. exd5 d6 5. Bb5+ Nd7 6. Nf3 Ngf6 7. O-O Be7 8.
Nc3 O-O 9. Re1 a6 10. Bd3 b5 11. Nh4 g6 12. Nf3 Re8 13. Be2 Bb7 14. a3 Nb6 15.
Bd2 Nfxd5 16. Nxd5 Bxd5 17. Ba5 Bc6 18. Qd2 Bf6 19. c3 Rb8 20. Rad1 Re6 21.
Bxb6 Rxb6 22. Qf4 Rb7 0-1

[Event "corr FRA-71ch"]
[Site "?"]
[Date "2005.06.18"]
[Round "?"]
[White "Alozy, Francis"]
[Black "Guidici, Gilles"]
[Result "0-1"]
[WhiteElo "2183"]
[BlackElo "2488"]
[PlyCount "74"]
[EventDate "2005.06.18"]
[EventType "corr"]
[EventCountry "FRA"]

1. e4 c6 2. d4 d5 3. Nc3 dxe4 4. Nxe4 Bf5 5. Ng3 Bg6 6. h4 h6 7. Nf3 Nd7 8. h5
Bh7 9. Bd3 Bxd3 10. Qxd3 e6 11. Qb3 Qc7 12. Ne2 Bd6 13. Nd2 Ngf6 14. Nc4 O-O-O
15. Qa4 a6 16. Bd2 Nd5 17. Nxd6+ Qxd6 18. O-O-O c5 19. Qa3 Qc6 20. Qg3 N7f6 21.
c4 cxd4 22. Kb1 Ne7 23. f3 Nf5 24. Qe5 Nd7 25. Qf4 Qc5 26. g4 Nd6 27. Qxd4 Qxd4
28. Nxd4 Nxc4 29. Bb4 Ndb6 30. b3 Ne3 31. Rd3 Ned5 32. Rc1+ Kb8 33. Be1 Rc8 34.
Rcd1 Ka8 35. Kb2 Nd7 36. Bg3 b5 37. R1d2 Nc5 0-1

[Event "corr FRA-71ch"]
[Site "?"]
[Date "2005.06.18"]
[Round "?"]
[White "Alozy, Francis"]
[Black "Sage, Francois"]
[Result "0-1"]
[WhiteElo "2183"]
[BlackElo "2604"]
[PlyCount "64"]
[EventDate "2005.06.18"]
[EventType "corr"]
[EventCountry "FRA"]

1. e4 e5 2. Nf3 Nf6 3. Nxe5 d6 4. Nf3 Nxe4 5. Nc3 Nxc3 6. dxc3 Be7 7. Be3 O-O
8. Qd2 Nc6 9. O-O-O Ne5 10. Nd4 c5 11. Nb3 Be6 12. f4 Nc4 13. Bxc4 Bxc4 14.
Rhe1 f5 15. Bf2 Qc7 16. Kb1 b5 17. Qe3 Rae8 18. Qh3 a5 19. Nd2 Bf7 20. Nf1 b4
21. c4 Bxc4 22. Ne3 Be6 23. Nd5 Bxd5 24. Rxd5 Bf6 25. Red1 a4 26. Qf3 Re4 27.
Rxf5 Rfe8 28. Rfd5 a3 29. b3 Qe7 30. R5d2 g5 31. g3 Qg7 32. Qh5 Kh8 0-1

[Event "corr FRA-71ch"]
[Site "?"]
[Date "2005.06.18"]
[Round "?"]
[White "Alozy, Francis"]
[Black "Thirion, Patrick"]
[Result "0-1"]
[WhiteElo "2183"]
[BlackElo "2446"]
[PlyCount "76"]
[EventDate "2005.06.18"]
[EventType "corr"]
[EventCountry "FRA"]

1. e4 e6 2. d4 d5 3. Nc3 Nf6 4. Bg5 Bb4 5. e5 h6 6. Bc1 Ne4 7. Qg4 g6 8. Nge2
c5 9. a3 Ba5 10. dxc5 Nxc3 11. Nxc3 Bxc3+ 12. bxc3 Qc7 13. Qf4 Qxc5 14. Bb2 Bd7
15. c4 Bc6 16. cxd5 Bxd5 17. c4 Qa5+ 18. Qd2 Qxd2+ 19. Kxd2 Bc6 20. Ke3 Nd7 21.
Rd1 Ke7 22. Rg1 Ba4 23. Rd3 Rhc8 24. Rd2 Nb6 25. Bd4 Nxc4+ 26. Bxc4 Rxc4 27.
Bb2 Bc6 28. f3 Rc8 29. g4 Bd5 30. Rg3 Kf8 31. g5 hxg5 32. Rxg5 Rh4 33. Rg4 Rh3
34. Rg3 Rh5 35. Rgg2 Kg7 36. Rc2 Rch8 37. Bd4 a6 38. Bc5 Rxe5+ 0-1

[Event "corr FRA-71ch"]
[Site "?"]
[Date "2005.06.18"]
[Round "?"]
[White "Barre, Jean Marie"]
[Black "Fister, Bernard"]
[Result "1-0"]
[WhiteElo "2458"]
[BlackElo "2315"]
[PlyCount "27"]
[EventDate "2005.06.18"]
[EventType "corr"]
[EventCountry "FRA"]

1. e4 e6 2. d4 e5 3. dxe5 Nc6 4. Nf3 Bc5 5. Nc3 a6 6. a3 Nge7 7. Nd5 O-O 8. Bg5
d6 9. b4 Ba7 10. Bh4 Be6 11. Nxc7 Qxc7 12. exd6 Qc8 13. dxe7 Re8 14. Bd3 1-0

[Event "corr FRA-71ch"]
[Site "?"]
[Date "2005.06.18"]
[Round "?"]
[White "Barre, Jean Marie"]
[Black "Mailfert, Jean Pierre"]
[Result "1/2-1/2"]
[WhiteElo "2458"]
[BlackElo "2450"]
[PlyCount "80"]
[EventDate "2005.06.18"]
[EventType "corr"]
[EventCountry "FRA"]

1. e4 d5 2. exd5 Qxd5 3. Nc3 Qa5 4. d4 Nf6 5. Nf3 Bg4 6. h3 Bh5 7. g4 Bg6 8.
Ne5 Nbd7 9. Nc4 Qa6 10. Bf4 Qe6+ 11. Ne3 Qb6 12. Nb5 Rc8 13. g5 Bh5 14. Be2
Qxb5 15. Bxb5 Bxd1 16. Rxd1 Nh5 17. Bh2 g6 18. Bd3 h6 19. Be4 c6 20. h4 Ng7 21.
c3 hxg5 22. hxg5 Rh4 23. f4 e6 24. Kf2 Nb6 25. Bg3 Rh5 26. Kf3 Na4 27. Rxh5
Nxh5 28. Rd2 Nxg3 29. Kxg3 Bg7 30. Nc4 Kd7 31. Ne5+ Bxe5 32. fxe5 Rh8 33. c4
Nb6 34. b3 Nc8 35. Rf2 Rh7 36. d5 Ne7 37. d6 Nf5+ 38. Bxf5 exf5 39. Rh2 Rxh2
40. Kxh2 c5 1/2-1/2

[Event "corr FRA-71ch"]
[Site "?"]
[Date "2005.06.18"]
[Round "?"]
[White "Barre, Jean Marie"]
[Black "Sage, Francois"]
[Result "1/2-1/2"]
[WhiteElo "2458"]
[BlackElo "2604"]
[PlyCount "66"]
[EventDate "2005.06.18"]
[EventType "corr"]
[EventCountry "FRA"]

1. e4 e5 2. Nf3 Nf6 3. Nxe5 d6 4. Nf3 Nxe4 5. d4 d5 6. Bd3 Bd6 7. O-O O-O 8. c4
c6 9. Re1 Bf5 10. Qc2 Bg6 11. c5 Bc7 12. Nc3 Nxc3 13. Bxg6 hxg6 14. Qxc3 Na6
15. Bg5 f6 16. Bd2 g5 17. Qd3 Qd7 18. b4 Rae8 19. Rab1 Bb8 20. b5 Rxe1+ 21.
Nxe1 Nc7 22. Nc2 Ne6 23. bxc6 bxc6 24. h3 f5 25. Qe2 Bf4 26. Re1 Rf6 27. Bxf4
Nxf4 28. Qe8+ Qxe8 29. Rxe8+ Rf8 30. Rxf8+ Kxf8 31. g3 Ne6 32. Kf1 f4 33. g4
Ke7 1/2-1/2

[Event "corr FRA-71ch"]
[Site "?"]
[Date "2005.06.18"]
[Round "?"]
[White "Barre, Jean Marie"]
[Black "Scilien, Jean Christophe"]
[Result "1-0"]
[WhiteElo "2458"]
[BlackElo "2343"]
[PlyCount "67"]
[EventDate "2005.06.18"]
[EventType "corr"]
[EventCountry "FRA"]

1. e4 e5 2. Nf3 Nc6 3. Bb5 a6 4. Ba4 Nf6 5. O-O Bc5 6. Nxe5 Nxe5 7. d4 Nxe4 8.
Re1 Be7 9. Rxe4 Ng6 10. c4 O-O 11. Nc3 c6 12. d5 b5 13. Bb3 Bf6 14. d6 bxc4 15.
Rxc4 a5 16. Rg4 Ba6 17. Ne4 Be5 18. Nc5 Bf6 19. Qc2 Bc8 20. Bd2 Re8 21. Rxg6
hxg6 22. Qxg6 Rf8 23. Re1 Rb8 24. Bc4 Rxb2 25. Bc3 Ba6 26. Nxa6 Bxc3 27. Re7
Rb5 28. Nc7 Rd5 29. Bxd5 cxd5 30. Qg3 Bd4 31. Nxd5 g6 32. Qf4 Qb8 33. h4 Qb2
34. h5 1-0

[Event "corr FRA-71ch"]
[Site "?"]
[Date "2005.06.18"]
[Round "?"]
[White "Barre, Jean Marie"]
[Black "Wagner, Claude"]
[Result "0-1"]
[WhiteElo "2458"]
[BlackElo "2375"]
[PlyCount "108"]
[EventDate "2005.06.18"]
[EventType "corr"]
[EventCountry "FRA"]

1. e4 c5 2. Nf3 Nc6 3. d4 cxd4 4. Nxd4 Nf6 5. Nc3 e5 6. Ndb5 d6 7. Nd5 Nxd5 8.
exd5 Nb8 9. Bd3 a6 10. Nc3 Be7 11. O-O O-O 12. Be3 f5 13. f4 Nd7 14. Qd2 exf4
15. Rxf4 Ne5 16. Raf1 Bg5 17. Rb4 Qc7 18. a3 Bxe3+ 19. Qxe3 b5 20. Kh1 Qc5 21.
Qh3 Ra7 22. Rh4 g6 23. Qg3 Rg7 24. Be2 Bb7 25. Rd1 g5 26. Rh6 f4 27. Qe1 g4 28.
Bf1 f3 29. Re6 g3 30. Ne4 Qxc2 31. Rd2 f2 32. Qe2 Qc4 33. Nxd6 Qxe2 34. Rxe2
Ng4 35. Re8 Rd7 36. Rxf8+ Kxf8 37. Re8+ Kg7 38. Nf5+ Kf7 39. Re4 h5 40. Nxg3
Rxd5 41. Rf4+ Kg6 42. h3 Rd1 43. hxg4 h4 44. Rxf2 hxg3 45. Rf4 Bd5 46. b4 Bc4
47. Kg1 Kg5 48. Rf3 Kxg4 49. Rf6 Ra1 50. Rf8 Bxf1 51. Rxf1 Rxa3 52. Rb1 Kf4 53.
Kf1 Ke3 54. Ke1 Kd3 0-1

[Event "corr FRA-71ch"]
[Site "?"]
[Date "2005.06.18"]
[Round "?"]
[White "Barre, Jean Marie"]
[Black "Yvinec, Jean Marc"]
[Result "1-0"]
[WhiteElo "2458"]
[BlackElo "2275"]
[PlyCount "109"]
[EventDate "2005.06.18"]
[EventType "corr"]
[EventCountry "FRA"]

1. e4 Nc6 2. d4 d5 3. Nc3 dxe4 4. d5 Ne5 5. Qd4 Ng6 6. Qxe4 a6 7. Qa4+ Bd7 8.
Qb3 Qc8 9. Nf3 Nf6 10. h4 e6 11. h5 Ne7 12. dxe6 Bxe6 13. Bc4 Bxc4 14. Qxc4 Qg4
15. Qxg4 Nxg4 16. Bf4 O-O-O 17. Ng5 Nh6 18. Rd1 Rxd1+ 19. Kxd1 Nef5 20. Nce4
Be7 21. f3 Rd8+ 22. Ke1 Bxg5 23. Bxg5 f6 24. Bf4 b6 25. b3 Ng8 26. Kf2 Nd4 27.
c3 Ne6 28. Bc1 h6 29. g4 Ne7 30. Re1 Nd5 31. Kg3 Ng5 32. Bd2 Nxe4+ 33. Rxe4 f5
34. Rd4 c5 35. Rd3 fxg4 36. fxg4 Rd7 37. c4 Nf6 38. Rxd7 Kxd7 39. Kf4 Ke6 40.
Bc3 Ne8 41. g5 b5 42. a3 hxg5+ 43. Kxg5 bxc4 44. bxc4 Kf7 45. Be5 Ke6 46. Kf4
Ke7 47. Kf5 Kf7 48. a4 a5 49. Kg5 Ke6 50. Bc3 Kf7 51. Bxa5 Nd6 52. Bb6 Ne4+ 53.
Kf4 Nd2 54. a5 Nxc4 55. Kg5 1-0

[Event "corr FRA-71ch"]
[Site "?"]
[Date "2005.06.18"]
[Round "?"]
[White "Chastanet, Gerard"]
[Black "Barre, Jean Marie"]
[Result "0-1"]
[WhiteElo "2290"]
[BlackElo "2458"]
[PlyCount "78"]
[EventDate "2005.06.18"]
[EventType "corr"]
[EventCountry "FRA"]

1. c4 e5 2. Nc3 Nf6 3. Nf3 Nc6 4. g3 d5 5. cxd5 Nxd5 6. Bg2 Be6 7. O-O f5 8.
Ng5 Qxg5 9. Nxd5 O-O-O 10. d3 Qg6 11. Nc3 Bd7 12. Bd2 h5 13. h4 f4 14. Ne4 Be7
15. Rc1 Bg4 16. Bc3 Nd4 17. Bxd4 exd4 18. Qd2 Rhf8 19. Qa5 Qb6 20. Qe5 Bb4 21.
Rc2 fxg3 22. Qxg3 c6 23. Bh3 Bxh3 24. Qxh3+ Kb8 25. Qg3+ Ka8 26. Rb1 Rd5 27.
Ng5 Bd6 28. Qh3 Qd8 29. b4 Rdf5 30. Nf3 Rf4 31. Rbb2 Qe8 32. Kf1 Qg6 33. Rb3 a6
34. a4 Rg4 35. Qh1 Rff4 36. b5 Qf7 37. Rc4 Rxh4 38. Qxh4 Rxh4 39. Nxh4 axb5 0-1

[Event "corr FRA-71ch"]
[Site "?"]
[Date "2005.06.18"]
[Round "?"]
[White "Chastanet, Gerard"]
[Black "Deneuville, Christian"]
[Result "0-1"]
[WhiteElo "2290"]
[BlackElo "2367"]
[PlyCount "96"]
[EventDate "2005.06.18"]
[EventType "corr"]
[EventCountry "FRA"]

1. e4 Nf6 2. e5 Nd5 3. d4 d6 4. Nf3 Bg4 5. Be2 Nb6 6. O-O e6 7. a4 a5 8. Nc3
Nc6 9. Nb5 Rc8 10. Ne1 Bxe2 11. Qxe2 dxe5 12. dxe5 Qh4 13. f4 Be7 14. Be3 Nd5
15. g3 Qh6 16. Bf2 O-O 17. Ng2 Rfd8 18. Rad1 Qg6 19. c3 Qf5 20. b3 g5 21. g4
Qg6 22. fxg5 Qxg5 23. Bh4 Qg7 24. c4 Ndb4 25. Bxe7 Nxe7 26. Nxc7 Nec6 27. Nb5
Rxd1 28. Rxd1 Qxe5 29. Qf3 Rd8 30. Rxd8+ Nxd8 31. Qe3 Ndc6 32. Qxe5 Nxe5 33.
Nd6 b6 34. Nc8 Nxg4 35. Nxb6 Ne5 36. Nf4 Kf8 37. Kf2 Ke7 38. h4 Kd6 39. Nc8+
Kc5 40. Ke3 Nbc6 41. Nh5 Nd7 42. Ng3 f5 43. Ne2 e5 44. Kf3 f4 45. Ke4 Nf6+ 46.
Kf3 h6 47. h5 Kb4 48. Nb6 Kxb3 0-1

[Event "corr FRA-71ch"]
[Site "?"]
[Date "2005.06.18"]
[Round "?"]
[White "Chastanet, Gerard"]
[Black "Guidici, Gilles"]
[Result "1-0"]
[WhiteElo "2290"]
[BlackElo "2488"]
[PlyCount "99"]
[EventDate "2005.06.18"]
[EventType "corr"]
[EventCountry "FRA"]

1. e4 c6 2. d4 d5 3. Nd2 dxe4 4. Nxe4 Bf5 5. Ng3 Bg6 6. Nf3 Nf6 7. h4 h6 8. Ne5
Bh7 9. Bd3 Bxd3 10. Qxd3 e6 11. Bf4 Qa5+ 12. c3 Qa6 13. Ne4 Nxe4 14. Qxe4 Be7
15. Qf3 Nd7 16. Nxd7 Kxd7 17. Be5 f6 18. Bg3 Rhe8 19. a3 Bf8 20. O-O-O b5 21.
Rhe1 Qb7 22. Re3 a5 23. Qg4 b4 24. c4 bxa3 25. bxa3 Kd8 26. c5 Qb5 27. Qg6 Ra7
28. Kd2 Rb7 29. Ke1 Qc4 30. Re2 Qb3 31. Bf4 a4 32. Rc1 Qd5 33. Kf1 Ree7 34. h5
Red7 35. Re4 Qb3 36. Kg1 Qd3 37. Rxe6 Qxg6 38. hxg6 Rxd4 39. Be3 Kd7 40. Rxf6
gxf6 41. Bxd4 Ke6 42. Rc4 Rg7 43. Be3 Rxg6 44. Rxa4 f5 45. g3 Be7 46. Ra7 f4
47. Bxf4 Bxc5 48. Ra5 Bd6 49. Be3 c5 50. Ra6 1-0

[Event "corr FRA-71ch"]
[Site "?"]
[Date "2005.06.18"]
[Round "?"]
[White "Chastanet, Gerard"]
[Black "Sage, Francois"]
[Result "1/2-1/2"]
[WhiteElo "2290"]
[BlackElo "2604"]
[PlyCount "84"]
[EventDate "2005.06.18"]
[EventType "corr"]
[EventCountry "FRA"]

1. d4 Nf6 2. c4 e6 3. Nf3 d5 4. Nc3 Be7 5. Bg5 O-O 6. e3 h6 7. Bh4 b6 8. Be2
Bb7 9. Bxf6 Bxf6 10. cxd5 exd5 11. O-O c6 12. b4 a5 13. b5 c5 14. Qb3 Qd6 15.
dxc5 bxc5 16. Rac1 a4 17. Qc2 Bxc3 18. Qxc3 Nd7 19. Rfd1 Qb6 20. Ne5 Nxe5 21.
Qxe5 Rfe8 22. Qf4 Re4 23. Qf5 Rd8 24. a3 g6 25. Qh3 Kg7 26. Bd3 Re5 27. Qh4 Rg5
28. Qf4 Re8 29. h4 Rh5 30. Be2 Re4 31. Qg3 Rexh4 32. Bxh5 Rxh5 33. Qb8 Rg5 34.
f4 Rh5 35. Qe8 d4 36. Qd7 Rd5 37. Qe7 d3 38. Kf2 Ba8 39. Qe8 Qb7 40. e4 Rd4 41.
Qe5+ Kg8 42. Qe8+ Kg7 1/2-1/2

[Event "corr FRA-71ch"]
[Site "?"]
[Date "2005.06.18"]
[Round "?"]
[White "Chastanet, Gerard"]
[Black "Thirion, Patrick"]
[Result "1/2-1/2"]
[WhiteElo "2290"]
[BlackElo "2446"]
[PlyCount "84"]
[EventDate "2005.06.18"]
[EventType "corr"]
[EventCountry "FRA"]

1. d4 d5 2. c4 e6 3. Nc3 Nf6 4. cxd5 exd5 5. Bg5 Be7 6. e3 h6 7. Bh4 O-O 8. Bd3
b6 9. Nf3 Bb7 10. O-O Ne4 11. Bxe7 Qxe7 12. Rc1 Nd7 13. Qb3 Ndf6 14. Rc2 c5 15.
Qa3 Qe6 16. dxc5 bxc5 17. Na4 c4 18. Bxe4 Nxe4 19. Nc3 Nxc3 20. Qxc3 Qg6 21.
Rd2 Rfe8 22. Qb4 Rab8 23. Nd4 Bc6 24. Qc5 Rb6 25. Nxc6 Qxc6 26. Qxc6 Rxc6 27.
Rxd5 Rb8 28. Rd2 Rcb6 29. b3 cxb3 30. axb3 Rxb3 31. g3 a5 32. Ra2 Ra8 33. Rfa1
Rb5 34. Ra4 h5 35. f4 f6 36. Kf2 Kf7 37. e4 Ke6 38. Ke3 Rb3+ 39. Kd4 Rd8+ 40.
Kc4 Re3 41. Rxa5 Rxe4+ 42. Kc3 Re3+ 1/2-1/2

[Event "corr FRA-71ch"]
[Site "?"]
[Date "2005.06.18"]
[Round "?"]
[White "Chastanet, Gerard"]
[Black "Yvinec, Jean Marc"]
[Result "0-1"]
[WhiteElo "2290"]
[BlackElo "2275"]
[PlyCount "96"]
[EventDate "2005.06.18"]
[EventType "corr"]
[EventCountry "FRA"]

1. c4 d6 2. g3 e5 3. Bg2 f5 4. Nc3 Nf6 5. d4 Be7 6. e3 O-O 7. Nge2 c6 8. O-O
Na6 9. d5 Bd7 10. e4 cxd5 11. Nxd5 Nxe4 12. g4 Kh8 13. b3 Bc6 14. gxf5 Nf6 15.
Ng3 Nxd5 16. Bxd5 Nc7 17. Bb2 Nxd5 18. cxd5 Bb5 19. Re1 Bh4 20. f4 Bxg3 21.
hxg3 Rxf5 22. Qd2 exf4 23. gxf4 Qf8 24. Re4 Re8 25. Rae1 Rxe4 26. Rxe4 Qf7 27.
Qc2 Qg6+ 28. Qg2 Qxg2+ 29. Kxg2 Rxd5 30. Rd4 Rxd4 31. Bxd4 b6 32. Kf3 Kg8 33.
f5 Bd3 34. Kf4 Kf7 35. b4 Bc2 36. Bf2 g6 37. fxg6+ Kxg6 38. Bh4 Kf7 39. Kg5 Ke6
40. Kf4 d5 41. Bf2 h5 42. a3 Kd6 43. Ke3 Bb3 44. Kd4 Ke6 45. Bg3 b5 46. Kc3 Bc4
47. Kd4 Kf5 48. Ke3 Kg4 0-1

[Event "corr FRA-71ch"]
[Site "?"]
[Date "2005.06.18"]
[Round "?"]
[White "Deneuville, Christian"]
[Black "Barre, Jean Marie"]
[Result "0-1"]
[WhiteElo "2367"]
[BlackElo "2458"]
[PlyCount "108"]
[EventDate "2005.06.18"]
[EventType "corr"]
[EventCountry "FRA"]

1. c4 e5 2. Nc3 Nf6 3. g3 Bb4 4. e4 Nc6 5. Bg2 Bc5 6. Nge2 d6 7. h3 Be6 8. d3
Nd4 9. Bd2 Nd7 10. Na4 Nxe2 11. Nxc5 dxc5 12. Qxe2 Nb8 13. O-O Nc6 14. f4 Qd6
15. f5 Bd7 16. a3 Nd4 17. Qd1 g6 18. f6 h5 19. b4 Be6 20. Rf2 O-O-O 21. Rb1 Kb8
22. Be3 Rhe8 23. Qe1 Bc8 24. Qc1 Re6 25. Kh1 Rd7 26. Qf1 Qf8 27. Qe1 Ra6 28.
Qc3 Ra4 29. Kh2 Qd6 30. Qb2 Qb6 31. Kg1 Rd6 32. Bxd4 Rxd4 33. Bf1 Ra6 34. b5
Ra4 35. Qb3 Qa5 36. Ra1 a6 37. bxa6 Qxa6 38. Raa2 Rd8 39. Kh2 Qc6 40. Qb2 Re8
41. h4 Ra6 42. a4 Qd6 43. a5 Re6 44. Bh3 Rxf6 45. Bxc8 Kxc8 46. Rd2 Ra7 47. Rg2
Rf3 48. Ra3 Qd4 49. Qe2 Rf6 50. Qb2 Kd7 51. Qd2 Ke8 52. Qb2 Kf8 53. Qa1 Rfa6
54. Qe1 Kg8 0-1

[Event "corr FRA-71ch"]
[Site "?"]
[Date "2005.06.18"]
[Round "?"]
[White "Deneuville, Christian"]
[Black "Fister, Bernard"]
[Result "1-0"]
[WhiteElo "2367"]
[BlackElo "2315"]
[PlyCount "45"]
[EventDate "2005.06.18"]
[EventType "corr"]
[EventCountry "FRA"]

1. e4 e6 2. d4 d5 3. Nc3 Bb4 4. e5 c5 5. a3 Bxc3+ 6. bxc3 Ne7 7. Qg4 Qc7 8.
Qxg7 Rg8 9. Qxh7 cxd4 10. Ne2 Nbc6 11. f4 Bd7 12. Qd3 dxc3 13. h4 Nf5 14. h5
O-O-O 15. Rb1 d4 16. Rg1 Kb8 17. g4 Nfe7 18. Rg3 Nd5 19. g5 Nce7 20. Nxd4 Rh8
21. h6 Ba4 22. Bg2 Ka8 23. Be3 1-0

[Event "corr FRA-71ch"]
[Site "?"]
[Date "2005.06.18"]
[Round "?"]
[White "Deneuville, Christian"]
[Black "Mailfert, Jean Pierre"]
[Result "1/2-1/2"]
[WhiteElo "2367"]
[BlackElo "2450"]
[PlyCount "85"]
[EventDate "2005.06.18"]
[EventType "corr"]
[EventCountry "FRA"]

1. Nc3 d5 2. e4 d4 3. Nce2 c5 4. Ng3 a6 5. Bc4 e6 6. d3 b5 7. Bb3 Bb7 8. f4 h5
9. f5 c4 10. dxc4 h4 11. N3e2 Bxe4 12. fxe6 fxe6 13. Nf3 bxc4 14. Ba4+ Bc6 15.
Bxc6+ Nxc6 16. Nexd4 Nxd4 17. Qxd4 Qxd4 18. Nxd4 Rh5 19. Bd2 O-O-O 20. Nf3 e5
21. Be3 Nf6 22. Nd2 c3 23. bxc3 Nd5 24. Nc4 Nxe3 25. Nxe3 Bc5 26. Ke2 Rg5 27.
Rhg1 Rg6 28. g3 Rh6 29. Rad1 Rxd1 30. Rxd1 hxg3 31. hxg3 Rh2+ 32. Kf3 Bxe3 33.
Kxe3 Rxc2 34. Rd6 Rxc3+ 35. Ke4 Ra3 36. Rg6 Rxa2 37. Kxe5 a5 38. Rxg7 Kb8 39.
Kd4 Rc2 40. Rg5 a4 41. Ra5 Rg2 42. Rxa4 Rxg3 43. Ra1 1/2-1/2

[Event "corr FRA-71ch"]
[Site "?"]
[Date "2005.06.18"]
[Round "?"]
[White "Deneuville, Christian"]
[Black "Sage, Francois"]
[Result "0-1"]
[WhiteElo "2367"]
[BlackElo "2604"]
[PlyCount "62"]
[EventDate "2005.06.18"]
[EventType "corr"]
[EventCountry "FRA"]

1. Nf3 d5 2. g3 Bg4 3. Bg2 c6 4. O-O Nd7 5. d3 e5 6. Nbd2 Ngf6 7. h3 Bh5 8. Nh4
Qc7 9. c3 h6 10. b4 a5 11. b5 cxb5 12. Bb2 Bd6 13. Nf5 O-O 14. a4 b4 15. Rc1
Qb8 16. cxb4 Bxb4 17. f4 exf4 18. Rxf4 Re8 19. Rf2 Bg6 20. Nf1 Ra6 21. Nh4 Bc5
22. d4 Bb4 23. Nxg6 fxg6 24. Qc2 Kh7 25. e3 Nb6 26. Qb3 Qd6 27. Rfc2 Ne4 28. g4
Raa8 29. Ra1 Nc4 30. Rxc4 dxc4 31. Qxc4 Ng3 0-1

[Event "corr FRA-71ch"]
[Site "?"]
[Date "2005.06.18"]
[Round "?"]
[White "Deneuville, Christian"]
[Black "Thirion, Patrick"]
[Result "0-1"]
[WhiteElo "2367"]
[BlackElo "2446"]
[PlyCount "64"]
[EventDate "2005.06.18"]
[EventType "corr"]
[EventCountry "FRA"]

1. e4 e6 2. d4 d5 3. Nc3 Nf6 4. e5 Nfd7 5. f4 c5 6. Nf3 Nc6 7. Be3 cxd4 8. Nxd4
Bc5 9. Qd2 O-O 10. O-O-O a6 11. Nce2 Qe7 12. g3 Nb6 13. h4 Nc4 14. Qc3 Bd7 15.
Bg1 N6a5 16. h5 Rac8 17. Qf3 Rc7 18. h6 g6 19. g4 Rfc8 20. Rh3 Ba4 21. Nc3 Nxb2
22. Kxb2 Ba3+ 23. Ka1 Rxc3 24. Qxc3 Rxc3 25. Rxc3 Nc4 26. Bxc4 Bb4 27. Re3 dxc4
28. Kb1 Ba5 29. Ne2 Qh4 30. g5 Qg4 31. Rd4 Bc6 32. Rxc4 Kf8 0-1

[Event "corr FRA-71ch"]
[Site "?"]
[Date "2005.06.18"]
[Round "?"]
[White "Deneuville, Christian"]
[Black "Yvinec, Jean Marc"]
[Result "1/2-1/2"]
[WhiteElo "2367"]
[BlackElo "2275"]
[PlyCount "65"]
[EventDate "2005.06.18"]
[EventType "corr"]
[EventCountry "FRA"]

1. e4 Nc6 2. d4 d5 3. e5 Bf5 4. c3 e6 5. Nf3 h5 6. Be3 Qd7 7. Bb5 Nge7 8. Nbd2
Ng6 9. Bg5 a6 10. Ba4 b5 11. Bc2 Bxc2 12. Qxc2 Rc8 13. O-O Nb8 14. b4 a5 15.
bxa5 c5 16. Qb2 c4 17. Rab1 b4 18. cxb4 c3 19. Qc2 cxd2 20. Qxd2 Qa4 21. b5 Ba3
22. Qe1 Rc4 23. Bd2 Ne7 24. Bc3 Nf5 25. Qd2 O-O 26. Rb3 Nd7 27. Rfb1 Rb8 28. b6
Bf8 29. a3 Rbc8 30. h3 Nb8 31. b7 R8c7 32. g4 hxg4 33. hxg4 1/2-1/2

[Event "corr FRA-71ch"]
[Site "?"]
[Date "2005.06.18"]
[Round "?"]
[White "Fister, Bernard"]
[Black "Alozy, Francis"]
[Result "1-0"]
[WhiteElo "2315"]
[BlackElo "2183"]
[PlyCount "61"]
[EventDate "2005.06.18"]
[EventType "corr"]
[EventCountry "FRA"]

1. e4 d5 2. exd5 Nf6 3. c4 e6 4. dxe6 Bxe6 5. Nf3 Nc6 6. d4 Bb4+ 7. Nc3 Ne4 8.
Bd2 Nxd2 9. Qxd2 Qe7 10. O-O-O O-O-O 11. a3 Bc5 12. d5 Bg4 13. Re1 Qf8 14. Qf4
Bxf3 15. Nb5 Rd7 16. gxf3 Ne7 17. Bh3 f5 18. b4 Bxf2 19. Re2 a6 20. Nxc7 Qf6
21. Kb1 g5 22. Qd2 Kxc7 23. Rxf2 Kb8 24. Qb2 Qxb2+ 25. Kxb2 Rc8 26. Bf1 b5 27.
cxb5 axb5 28. Rd2 Rcd8 29. Bxb5 Rxd5 30. Rxd5 Rxd5 31. Bc4 1-0

[Event "corr FRA-71ch"]
[Site "?"]
[Date "2005.06.18"]
[Round "?"]
[White "Fister, Bernard"]
[Black "Chastanet, Gerard"]
[Result "1-0"]
[WhiteElo "2315"]
[BlackElo "2290"]
[PlyCount "97"]
[EventDate "2005.06.18"]
[EventType "corr"]
[EventCountry "FRA"]

1. e4 c6 2. d4 d5 3. e5 Bf5 4. Nc3 e6 5. g4 Bg6 6. Nge2 c5 7. h4 h6 8. Be3 Nc6
9. dxc5 Nxe5 10. Nd4 Nf6 11. f4 Nexg4 12. Bb5+ Ke7 13. Qe2 Qc7 14. h5 Bh7 15.
O-O-O a6 16. Bd3 Kd7 17. Bxh7 Rxh7 18. b4 b6 19. f5 Qe5 20. fxe6+ fxe6 21. c6+
Ke8 22. Rd3 Bxb4 23. Rh4 Bxc3 24. Rxc3 Ne4 25. Qxg4 Nxc3 26. Bd2 Ne4 27. Qg6+
Kf8 28. Rf4+ Nf6 29. Kb1 Kg8 30. Nf3 Qxh5 31. Rxf6 Qxg6 32. Rxg6 Re8 33. c7 Rc8
34. Bf4 Kf7 35. Ne5+ Ke7 36. Nc6+ Kd7 37. Nd8 Rxd8 38. cxd8=Q+ Kxd8 39. Rxe6 h5
40. Rxb6 h4 41. Rxa6 Ke7 42. Rg6 h3 43. Bh2 Kf7 44. Rd6 Rh4 45. Rxd5 Kf6 46.
Rd3 g5 47. a4 g4 48. a5 Rh5 49. Ra3 1-0

[Event "corr FRA-71ch"]
[Site "?"]
[Date "2005.06.18"]
[Round "?"]
[White "Fister, Bernard"]
[Black "Mailfert, Jean Pierre"]
[Result "1/2-1/2"]
[WhiteElo "2315"]
[BlackElo "2450"]
[PlyCount "77"]
[EventDate "2005.06.18"]
[EventType "corr"]
[EventCountry "FRA"]

1. e4 d5 2. exd5 Qxd5 3. Nc3 Qa5 4. d4 Nf6 5. Nf3 Bg4 6. h3 Bh5 7. g4 Bg6 8.
Ne5 Nbd7 9. Nc4 Qa6 10. Bf4 Qe6+ 11. Qe2 Qxe2+ 12. Bxe2 O-O-O 13. g5 Ne8 14.
O-O-O e6 15. h4 Bb4 16. a3 Bxc3 17. bxc3 Be4 18. Rhg1 Rf8 19. Rde1 Nb8 20. h5
Nc6 21. h6 gxh6 22. gxh6 Bg6 23. Bg3 Nd6 24. Bd3 Nxc4 25. Bxc4 Ne7 26. f3 c6
27. a4 b6 28. Bh4 Rde8 29. Kd2 Kb7 30. Bf6 Rg8 31. Bb3 Nf5 32. Rh1 Rc8 33. a5
c5 34. d5 c4 35. Ba4 Rc5 36. Bc6+ Kc7 37. axb6+ axb6 38. Be5+ Nd6 39. Bd4
1/2-1/2